[Event "Hamburg St Pauli op-A"]
[Site "Hamburg"]
[Date "2015.07.19"]
[Round "2"]
[White "Faika, Michael"]
[Black "Souleidis, Georgios"]
[Result "0-1"]
[WhiteElo "2151"]
[BlackElo "2405"]
[PlyCount "112"]
[EventDate "2015.07.18"]
[EventType "swiss"]
[EventRounds "9"]
[EventCountry "GER"]
[SourceTitle "EXT 2016"]
[Source "ChessBase"]
[SourceDate "2015.10.08"]
[SourceVersion "1"]
[SourceVersionDate "2015.10.08"]
[SourceQuality "1"]

1. d4 Nf6 2. c4 c5 3. d5 b5 4. cxb5 a6 5. bxa6 g6 6. Nc3 Bg7 7. e4 0-0 8. e5 Ne8 9. Nf3 d6 10. Be3 Qa5 11. Be2 Bxa6 12. 0-0 Nd7 13. e6 fxe6 14. Ng5 Nc7 15. Bxa6 Qxa6 16. Nxe6 Nxe6 17. Qg4 Rf5 18. dxe6 Nf6 19. Qh3 Qc4 20. f4 d5 21. g4 Nxg4 22. Qxg4 d4 23. Qf3 Ra6 24. Bd2 dxc3 25. Bxc3 Rxa2 26. Rxa2 Qxa2 27. Bxg7 Kxg7 28. Qc3+ Kg8 29. Rd1 Qxe6 30. Rd8+ Rf8 31. Rxf8+ Kxf8 32. Qh8+ Qg8 33. Qe5 Qg7 34. Qb8+ Kf7 35. Qb3+ e6 36. Qb7+ Kf6 37. Qc8 Qe7 38. Qh8+ Qg7 39. Qc8 Qe7 40. Qh8+ Kf5 41. Qe5+ Kg4 42. b3 Qd7 43. Qxc5 Qd1+ 44. Kg2 Qf3+ 45. Kg1 Qd1+ 46. Kg2 Qf3+ 47. Kg1 Kh3 48. Qg5 Qe3+ 49. Kf1 Qf3+ 50. Kg1 Qd1+ 51. Kf2 Qc2+ 52. Kg1 Qxh2+ 53. Kf1 Qd2 54. b4 e5 55. Qxe5 Kg3 56. Qc5 Qd1# 0-1

[Event "Hamburg St Pauli op"]
[Site "Hamburg"]
[Date "2012.07.15"]
[Round "9"]
[White "Faika, Michael"]
[Black "Svane, Rasmus"]
[Result "0-1"]
[WhiteElo "2122"]
[BlackElo "2367"]
[PlyCount "106"]
[EventDate "2012.07.07"]
[EventType "swiss"]
[EventRounds "9"]
[EventCountry "GER"]
[SourceTitle "EXT 2013"]
[Source "ChessBase"]
[SourceDate "2012.11.22"]
[SourceVersion "1"]
[SourceVersionDate "2012.11.22"]
[SourceQuality "1"]

1. e4 e6 2. b3 d5 3. Bb2 Nf6 4. e5 Nfd7 5. f4 c5 6. c3 Nc6 7. Nf3 Be7 8. Na3 h6 9. Nc2 g5 10. d4 cxd4 11. cxd4 Nb4 12. Bc3 Qb6 13. Kf2 Nxc2 14. Qxc2 g4 15. Ne1 Nb8 16. Qd2 Nc6 17. Be2 Rg8 18. h3 g3+ 19. Kf1 Bd7 20. Rc1 Ba3 21. Rc2 Nb4 22. Bxb4 Bxb4 23. Qd3 Ke7 24. h4 Rac8 25. Rh3 a6 26. Qd1 Bxe1 27. Rxc8 Rxc8 28. Kxe1 Rc3 29. Qd2 Qc7 30. Bc4 Qa5 31. Kd1 b6 32. Bd3 Bb5 33. Rxg3 Bxd3 34. Rxd3 Rxd3 35. Qxd3 Qxa2 36. Qc3 Qxg2 37. Qc7+ Kf8 38. Qd8+ Kg7 39. Qf6+ Kg8 40. Qxh6 Qg6 41. Qg5 Kh7 42. h5 Qd3+ 43. Kc1 Qc3+ 44. Kb1 Qxb3+ 45. Ka1 Qa4+ 46. Kb1 Qxd4 47. Kc2 Qe4+ 48. Kb3 Qf5 49. Kb4 Qxg5 50. fxg5 Kg7 51. h6+ Kg6 52. Ka4 d4 53. Kb4 b5 0-1

[Event "Hamburg St Pauli op"]
[Site "Hamburg"]
[Date "2012.07.13"]
[Round "7"]
[White "Faika, Michael"]
[Black "Wendt, Jan Dietrich"]
[Result "1-0"]
[WhiteElo "2122"]
[BlackElo "2367"]
[PlyCount "115"]
[EventDate "2012.07.07"]
[EventType "swiss"]
[EventRounds "9"]
[EventCountry "GER"]
[SourceTitle "EXT 2013"]
[Source "ChessBase"]
[SourceDate "2012.11.22"]
[SourceVersion "1"]
[SourceVersionDate "2012.11.22"]
[SourceQuality "1"]

1. e4 c5 2. Nf3 e6 3. d4 cxd4 4. c3 Nf6 5. e5 Nd5 6. cxd4 d6 7. a3 Nc6 8. Bd3 dxe5 9. dxe5 g6 10. 0-0 Bg7 11. Re1 Qc7 12. Nbd2 0-0 13. Nc4 a6 14. Kh1 b5 15. Ne3 Rd8 16. Nxd5 Rxd5 17. Qc2 Bb7 18. Bf4 Qd7 19. Be4 Nd4 20. Qd1 Nf5 21. Bxd5 Bxd5 22. Rc1 h6 23. Kg1 Rd8 24. Qc2 g5 25. Bg3 Qb7 26. Qc7 Qa8 27. Red1 Rf8 28. Ne1 h5 29. h3 a5 30. Rc5 Nxg3 31. fxg3 Bc4 32. Qd6 Qa7 33. Qd4 Ra8 34. Rc8+ Kh7 35. Rxa8 Qxa8 36. Nf3 Kg6 37. Re1 Qd5 38. Qe3 Bh6 39. g4 hxg4 40. hxg4 Qd3 41. Qf2 Bg7 42. Nd2 Bd5 43. Rf1 Kh7 44. Re1 Kg6 45. Nf3 Qc4 46. Nd4 a4 47. Rf1 Kh7 48. Qe3 Qc7 49. Re1 Qa7 50. Nxb5 Qb7 51. Qd3+ Kg8 52. Re2 Bf8 53. Nc3 Bb3 54. Ne4 Be7 55. Nf6+ Kf8 56. Qh7 Qb6+ 57. Kh1 Bxf6 58. exf6 1-0

[Event "Hamburg St Pauli op"]
[Site "Hamburg"]
[Date "2012.07.08"]
[Round "2"]
[White "Kopylov, Michael"]
[Black "Faika, Michael"]
[Result "1-0"]
[WhiteElo "2466"]
[BlackElo "2122"]
[PlyCount "25"]
[EventDate "2012.07.07"]
[EventType "swiss"]
[EventRounds "9"]
[EventCountry "GER"]
[SourceTitle "EXT 2013"]
[Source "ChessBase"]
[SourceDate "2012.11.22"]
[SourceVersion "1"]
[SourceVersionDate "2012.11.22"]
[SourceQuality "1"]

1. d4 e5 2. dxe5 Nc6 3. Nf3 d6 4. Bg5 Qd7 5. exd6 Bxd6 6. Nc3 Qg4 7. e4 f6 8. h3 Qh5 9. Be3 Bg4 10. Be2 0-0-0 11. Qd5 Be5 12. Nxe5 Bxe2 13. Qe6+ 1-0

[Event "Hamburg St Pauli op-A"]
[Site "Hamburg"]
[Date "2011.07.17"]
[Round "9"]
[White "Faika, Michael"]
[Black "Meertens, Martin"]
[Result "0-1"]
[WhiteElo "2117"]
[BlackElo "2158"]
[PlyCount "63"]
[EventDate "2011.07.09"]
[EventType "swiss"]
[EventRounds "9"]
[EventCountry "GER"]
[SourceTitle "CBM 143 Extra"]
[Source "ChessBase"]
[SourceDate "2011.08.29"]
[SourceVersion "1"]
[SourceVersionDate "2011.08.29"]
[SourceQuality "1"]

1. e4 c5 2. b4 cxb4 3. a3 e6 4. axb4 Bxb4 5. c3 Be7 6. d4 d6 7. Bd3 Nf6 8. Nf3 b6 9. Qe2 Qc7 10. Bd2 Bb7 11. Na3 a6 12. 0-0 Nc6 13. Rfb1 h6 14. c4 e5 15. d5 Nb8 16. Be3 Nbd7 17. Qb2 Bd8 18. Nc2 Ng4 19. Bc1 Nc5 20. Qc3 Nf6 21. Nd2 0-0 22. f3 Nfd7 23. Ne3 Bg5 24. Ndf1 Nxd3 25. Qxd3 Nc5 26. Qe2 Bc8 27. Ng3 g6 28. Qc2 Kg7 29. h3 Rb8 30. Ng4 Qe7 31. Ba3 h5 32. Bxc5 0-1

[Event "Hamburg St Pauli op-A"]
[Site "Hamburg"]
[Date "2011.07.15"]
[Round "8"]
[White "Michna, Christian"]
[Black "Faika, Michael"]
[Result "1-0"]
[WhiteElo "2222"]
[BlackElo "2117"]
[PlyCount "43"]
[EventDate "2011.07.09"]
[EventType "swiss"]
[EventRounds "9"]
[EventCountry "GER"]
[SourceTitle "CBM 143 Extra"]
[Source "ChessBase"]
[SourceDate "2011.08.29"]
[SourceVersion "1"]
[SourceVersionDate "2011.08.29"]
[SourceQuality "1"]

1. f4 e5 2. fxe5 d6 3. exd6 Bxd6 4. Nf3 Bg4 5. e4 Nd7 6. Be2 Bxf3 7. Bxf3 Qh4+ 8. g3 Qe7 9. Nc3 Ngf6 10. d3 0-0-0 11. Qe2 Bb4 12. Bd2 Qe6 13. a3 Ba5 14. Qf2 Ne5 15. Be2 Kb8 16. h3 Nc4 17. Qc5 Nxd2 18. Qxa5 Ndxe4 19. dxe4 Nxe4 20. Nb5 a6 21. Qxc7+ Ka8 22. Qxd8+ 1-0

[Event "Hamburg St Pauli op-A"]
[Site "Hamburg"]
[Date "2010.07.16"]
[Round "7"]
[White "Schmidt, Jade"]
[Black "Faika, Michael"]
[Result "1/2-1/2"]
[WhiteElo "1994"]
[BlackElo "2114"]
[PlyCount "120"]
[EventDate "2010.07.10"]
[EventType "swiss"]
[EventRounds "9"]
[EventCountry "GER"]
[SourceTitle "EXT 2013"]
[Source "ChessBase"]
[SourceDate "2012.11.22"]
[SourceVersion "1"]
[SourceVersionDate "2012.11.22"]
[SourceQuality "1"]

1. d4 d5 2. c4 dxc4 3. e4 Nf6 4. Nc3 e5 5. Nf3 exd4 6. Qxd4 Qxd4 7. Nxd4 Bc5 8. Ndb5 Na6 9. Bf4 c6 10. Nd6+ Bxd6 11. Bxd6 Be6 12. Be2 0-0-0 13. Rd1 Rhe8 14. 0-0 Nd7 15. f4 f6 16. e5 f5 17. a4 Nb6 18. Rc1 Rxd6 19. exd6 Kd7 20. Rfd1 Nc5 21. a5 Nc8 22. Rc2 Nb3 23. Na4 Nxd6 24. Bxc4 Bxc4 25. Rxc4 Kc7 26. Rc3 Nxa5 27. Rcd3 Re6 28. Nc5 Rg6 29. Re1 Kb6 30. Nd7+ Kb5 31. Nf8 Rh6 32. Re7 Ne4 33. Rxg7 Kc4 34. Ra3 Rd6 35. h3 Kb4 36. Rf7 Rd1+ 37. Kh2 Rd5 38. Rxh7 a6 39. Ne6 Rd2 40. Rh5 Rxb2 41. Rf3 Nd2 42. Rf2 Nac4 43. Rxf5 a5 44. Rf8 a4 45. f5 a3 46. f6 Ne4 47. Rxb2+ axb2 48. f7 Ncd6 49. Rb8 Nxf7 50. Rxb7+ Kc3 51. h4 Nfd6 52. Rxb2 Kxb2 53. g4 Kb3 54. Nd4+ Kc4 55. Nxc6 Kd5 56. Nd8 Ke5 57. Kh3 Kf4 58. Ne6+ Ke5 59. Ng5 Nxg5+ 60. hxg5 Ke6 1/2-1/2

[Event "Hamburg St Pauli op-A"]
[Site "Hamburg"]
[Date "2010.07.11"]
[Round "2"]
[White "Faika, Michael"]
[Black "Michna, Christian"]
[Result "0-1"]
[WhiteElo "2114"]
[BlackElo "2249"]
[PlyCount "78"]
[EventDate "2010.07.10"]
[EventType "swiss"]
[EventRounds "9"]
[EventCountry "GER"]
[SourceTitle "EXT 2013"]
[Source "ChessBase"]
[SourceDate "2012.11.22"]
[SourceVersion "1"]
[SourceVersionDate "2012.11.22"]
[SourceQuality "1"]

1. Nc3 d5 2. e4 e6 3. e5 c5 4. f4 Nc6 5. Nf3 Nh6 6. Ne2 Qb6 7. c4 dxc4 8. Ng3 Na5 9. d3 cxd3 10. Bd2 Bd7 11. Bxd3 Bb5 12. Qc2 0-0-0 13. Bxb5 Qxb5 14. Rc1 Nc6 15. a4 Qa6 16. Ne4 Nf5 17. Nxc5 Bxc5 18. Qxc5 Qxa4 19. 0-0 Rd5 20. Qc3 Rhd8 21. g4 Nfd4 22. Nxd4 Qxd4+ 23. Qxd4 Rxd4 24. Be3 Rb4 25. Rf2 g5 26. Bxa7 Rxf4 27. Rxf4 gxf4 28. Bc5 Rd5 29. b4 Nxe5 30. Be3+ Nc6 31. Bxf4 Rd4 32. b5 Rxf4 33. h3 Kc7 34. Kg2 e5 35. Rc5 Kd6 36. bxc6 bxc6 37. Ra5 c5 38. Ra6+ Kd5 39. Rh6 c4 0-1

[Event "EU-ch 11th"]
[Site "Rijeka"]
[Date "2010.03.14"]
[Round "8"]
[White "Dubrovic, Rafael"]
[Black "Faika, Michael"]
[Result "0-1"]
[WhiteElo "1577"]
[BlackElo "2102"]
[PlyCount "66"]
[EventDate "2010.03.06"]
[EventType "swiss"]
[EventRounds "11"]
[EventCountry "CRO"]
[SourceTitle "CBM 136"]
[Source "ChessBase"]
[SourceDate "2010.05.18"]
[SourceVersion "1"]
[SourceVersionDate "2010.05.18"]
[SourceQuality "1"]

1. e4 e5 2. d4 exd4 3. Qxd4 Nc6 4. Qe3 b6 5. Nc3 Nb4 6. Bd3 Ba6 7. Qe2 Nxd3+ 8. cxd3 Bb4 9. Bd2 Ne7 10. a3 Bc5 11. Nf3 Nc6 12. Bg5 f6 13. Be3 0-0 14. 0-0 Ne7 15. Qd2 d5 16. Rfd1 d4 17. Nd5 Nxd5 18. exd5 dxe3 19. fxe3 Qxd5 20. d4 Bd6 21. Qf2 Qh5 22. h3 Bb7 23. g4 Qxh3 24. Rf1 Qxg4+ 25. Kh1 f5 26. Qg2 Qh5+ 27. Kg1 Rf6 28. Kf2 f4 29. e4 Bxe4 30. Rg1 Rg6 31. Qh1 Qxh1 32. Rxh1 Rg3 33. Nd2 Bxh1 0-1

[Event "EU-ch 11th"]
[Site "Rijeka"]
[Date "2010.03.09"]
[Round "4"]
[White "Dragomirescu, Robin Alexandru"]
[Black "Faika, Michael"]
[Result "1-0"]
[WhiteElo "2372"]
[BlackElo "2102"]
[PlyCount "77"]
[EventDate "2010.03.06"]
[EventType "swiss"]
[EventRounds "11"]
[EventCountry "CRO"]
[SourceTitle "CBM 136"]
[Source "ChessBase"]
[SourceDate "2010.05.18"]
[SourceVersion "1"]
[SourceVersionDate "2010.05.18"]
[SourceQuality "1"]

1. e4 e5 2. Nf3 Nc6 3. Bb5 a6 4. Ba4 Nf6 5. 0-0 b5 6. Bb3 Bc5 7. c3 d6 8. d4 Bb6 9. a4 Rb8 10. axb5 axb5 11. Na3 Bg4 12. Nxb5 0-0 13. Bc2 Bxd4 14. Nbxd4 exd4 15. cxd4 Bxf3 16. gxf3 Nh5 17. Ba4 Nb4 18. f4 Qh4 19. Qf3 f5 20. e5 Qg4+ 21. Qxg4 fxg4 22. Bd1 Nxf4 23. Bxf4 dxe5 24. dxe5 Rb6 25. Bxg4 Rxf4 26. f3 Rg6 27. e6 Kf8 28. Rfd1 Rfxg4+ 29. fxg4 Rxg4+ 30. Kh1 Ke7 31. Ra7 Kxe6 32. Rxc7 Kf6 33. Rg1 Nd3 34. Rxg4 Nf2+ 35. Kg1 Nxg4 36. b4 Ne3 37. b5 Nd5 38. b6 Ke6 39. b7 1-0

[Event "Hamburg-ch int 10th"]
[Site "Hamburg"]
[Date "2007.05.27"]
[Round "2"]
[White "Faika, Michael"]
[Black "Paridar, Shadi"]
[Result "1-0"]
[WhiteElo "2007"]
[BlackElo "2225"]
[PlyCount "103"]
[EventDate "2007.05.26"]
[EventType "swiss"]
[EventRounds "9"]
[EventCountry "GER"]
[SourceTitle "CBM 118 Extra"]
[Source "ChessBase"]
[SourceDate "2007.07.04"]
[SourceVersion "1"]
[SourceVersionDate "2007.07.04"]
[SourceQuality "1"]

1. e4 c5 2. Nf3 Nc6 3. d4 cxd4 4. c3 Nf6 5. Bd3 dxc3 6. Nxc3 d6 7. Bg5 e6 8. Qe2 Be7 9. 0-0-0 Qa5 10. Kb1 a6 11. Bd2 Qd8 12. g4 b5 13. e5 dxe5 14. Bg5 Nd4 15. Bxb5+ axb5 16. Qxe5 0-0 17. Nxd4 Qb6 18. Qxb5 Qxb5 19. Ndxb5 Bb7 20. Rhg1 h6 21. Bxf6 Bxf6 22. f4 Rab8 23. Kc2 Bc6 24. Nd4 Ba8 25. Rge1 Rb4 26. Nde2 Rc8 27. a3 Be4+ 28. Kc1 Rb7 29. Nd4 Bd5 30. Re3 Rc4 31. Nde2 Be7 32. b4 Rbc7 33. Kb2 Bf6 34. Rc1 g6 35. Kb1 Bb7 36. h3 e5 37. Nb5 exf4 38. Re8+ Kg7 39. Nxc7 Be4+ 40. Rxe4 Rxe4 41. Nc3 Rd4 42. N7d5 Be5 43. Rd1 Rc4 44. Kc2 h5 45. Kb3 Rc8 46. g5 Kf8 47. Re1 Re8 48. Rf1 Rc8 49. Rf3 f6 50. h4 fxg5 51. hxg5 Kg7 52. Nxf4 1-0

[Event "Boeblingen op 17th"]
[Site "Boeblingen"]
[Date "2000.12.27"]
[Round "3"]
[White "Prestel, Oliver"]
[Black "Faika, Michael"]
[Result "1-0"]
[WhiteElo "2195"]
[BlackElo "1994"]
[PlyCount "83"]
[EventDate "2000.12.27"]
[EventType "swiss"]
[EventRounds "9"]
[EventCountry "GER"]
[SourceTitle "EXT 2006"]
[Source "ChessBase"]
[SourceDate "2005.11.24"]
[SourceVersion "1"]
[SourceVersionDate "2005.11.24"]
[SourceQuality "1"]

1. d4 c5 2. Nf3 cxd4 3. Nxd4 e5 4. Nb5 d6 5. c4 a6 6. N5c3 Be6 7. b3 f5 8. g3 Nf6 9. Bg2 Nc6 10. 0-0 Be7 11. Nd5 0-0 12. Nbc3 Bxd5 13. Nxd5 Nxd5 14. Qxd5+ Kh8 15. Bb2 Qc7 16. Rfd1 Rad8 17. Rac1 Qb6 18. e3 Rf6 19. Qd2 Rg6 20. Qe2 Bf6 21. Ba3 Nb4 22. Qd2 a5 23. Bxb4 axb4 24. Qd5 Be7 25. Qxb7 Qxb7 26. Bxb7 Rb8 27. Bc6 Rb6 28. Ba4 Rf6 29. Rd5 Rf8 30. Rcd1 e4 31. Ra5 g6 32. Ra7 Bf6 33. Rd5 Rfb8 34. Rd7 Rd8 35. Rf7 Bc3 36. c5 Ra6 37. c6 Kg8 38. Rb7 h5 39. c7 Rf8 40. Rb8 Ra8 41. Rxa8 Rxa8 42. Bd7 1-0

[Event "Goch op 11th"]
[Site "Goch"]
[Date "2000.10.14"]
[Round "5"]
[White "Schlette, Marc"]
[Black "Faika, Michael"]
[Result "1/2-1/2"]
[WhiteElo "2215"]
[BlackElo "1956"]
[PlyCount "83"]
[EventDate "2000.10.12"]
[EventType "swiss"]
[EventRounds "7"]
[EventCountry "GER"]
[SourceTitle "EXT 2002"]
[Source "ChessBase"]
[SourceDate "2001.11.25"]
[SourceVersion "1"]
[SourceVersionDate "2001.11.25"]
[SourceQuality "1"]

1. d4 e5 2. dxe5 Nc6 3. Nf3 Qe7 4. Qd5 b6 5. Nc3 f6 6. Nb5 Kd8 7. Nbd4 Bb7 8. e6 Qd6 9. Qxd6 Bxd6 10. exd7 Kxd7 11. Nxc6 Bxc6 12. Nd4 Be4 13. c3 c5 14. Nb5 Be7 15. Bf4 g5 16. Bg3 Kc6 17. e3 a6 18. Na3 b5 19. f3 Bg6 20. 0-0-0 Rd8 21. Rxd8 Bxd8 22. Be2 Ne7 23. Rd1 Bc7 24. Bxc7 Kxc7 25. Bd3 Rd8 26. Bxg6 Rxd1+ 27. Kxd1 Nxg6 28. Nc2 Kd6 29. Kd2 h5 30. e4 a5 31. Ke3 Kc6 32. b3 Ne5 33. g3 g4 34. f4 Nf3 35. h3 Nh2 36. hxg4 hxg4 37. Kf2 Nf3 38. Ne1 Nd2 39. Ke3 Nf1+ 40. Kf2 Nd2 41. Ke3 Nf1+ 42. Kf2 1/2-1/2